000 03198nab a22006857 4500
003 AR-RoUNA
022 _a0327-9022
040 _aAR-RoUNA
_bspa
041 _aspa
044 _aag
245 0 0 _aSumma+
260 _aBuenos Aires (Argentina):
_cDonn SA,
_b1993.
300 _a116 p. :
_bil. byn.
_bplanos
_c26x23 cm.
505 0 _tINDICE
505 0 _tARQUITECTURA
505 0 _aAlfonso Corona Martínez / Dos en uno. p.34
505 0 _aFiszbein-Gentile-Daitch-Suar-Gabin-Haza / Instituto Médico Fleming, Buenos Aires, 1994. p. 34
505 0 _aPablo Guiraldes y Sebastian Ayerza Urbanidad suurbana. p. 48.
505 0 _a Estudio Biquard y Asociados / Sanatorio Las Lomas, Buenos Aires, 1994. p.48.
505 0 _aLuis Julio Grossman / No siempre los extremos son malos. p. 54.
505 0 _aRaimundo Flab, Stella Buonamassa / Hogar de Ancianos Ben Sion Bouer Flash, Buenos Aires, 1993. p. 54.
505 0 _tCIUDAD Y ECOLOGÍA
505 0 _aFernando Diez / Huyendo hacia el suburbio. p. 60.
505 0 _tDISEÑO DE INTERIORES
505 0 _aMiriam Chandler / Casa FOA va a palacio.Casa FOA 94. p. 66.
505 0 _tDISEÑO INDUSTRIAL
505 0 _aNicola Goretti / De la vidriera al museo. El fenómeno Swatch. p. 80.
505 0 _tCOMUNICACIÓN VISUAL
505 0 _aCristian Adamo / Iluminación sintética. p. 88.
505 0 _tPATRIMONIO -- FRAGMENTOS
505 0 _aMederico Faivre / Salvemos al Congreso, restauración y salvemos el congreso, Buenos Aires ,Argentina. p. 92.
505 0 _aMarcelo Pombo / El pilar de punta en blanco. Restauración de la iglesia de Pilar. p. 96.
505 0 _aEstudio Casano-Zubillaga-Poli / Restauración de la Embajada de Francia, Buenos Aires, Argentina. Palacio Francés restaurado. p. 98.
505 0 _tPRODUCCIÓN & CIA
505 0 _aNuevo local LAC de Philips / Iluminación experimental. p.100.
505 0 _aSegunda muestra de la decoración NATAN / Vanguardia y clasicismo. p. 101.
505 0 _aColección al día / Nuevos muebles de la firma Colección. p.102.
505 0 _tFRAGMENTOS -- EXPOSICIONES EXTERIOR
505 0 _aCarlos Gotlieb / ¨La ciudad de los arquitectos¨, Exposición en París. p.104
505 0 _aAntonio Sant'Elia / La citta Nouva 1914. p. 105.
505 0 _aAldo Rossi / La ciduad análoga. p. 105.
505 0 _aLudwig Hilberseimer / Ciudad vertical, Eje Este- Oeste, 1924. p. 105
505 0 _tCONSTRUCCIONES ALFABETICAS
505 0 _aManuel Net / El ABC de los arquitectos. p.106.
505 0 _tUniversitarias
505 0 _aRepresentación literaria / Talleres del CBC de la UBA. p.108.
505 0 _tREVELACIONES
505 0 _aMario Sabugo / ¿Deseo usted salir del laberinto?. p.115
505 0 _tPOST SCRIPTUM
505 0 _aMarina Waisman / La culpa la tuvo Vitruvio. p.116
650 _aArquitectura contemporánea
650 _aUrbanismo
_95
650 _aDiseño grafico
_91446
650 _aDiseño industrial
_9979
773 0 _aSumma+:
_dBuenos Aires, Argentina
_gNº10 (dic 1994-ene1995) p.100
_x0327-9022
908 _aImp
942 _2udc
_cART
945 _d2022-07-08
980 _6138
_aCarolina Rainero
_85
_gMaría Machado
999 _c11735
_d11735